How well do you know the Pledge of Allegiance? - Statistics

General Stats
  • This quiz has been taken 1,567 times
  • The average score is 29 of 31
Answer Stats
Answer % Correct
America,
100%
I
100%
of
100%
of
100%
States
100%
the
100%
the
100%
the
100%
to
100%
to
100%
United
100%
all.
99%
pledge
99%
and
98%
and
98%
allegiance
97%
Flag
97%
God,
93%
for
92%
for
92%
it
92%
Nation
92%
under
92%
which
92%
one
91%
stands,
91%
Republic
86%
liberty
85%
justice
84%
with
82%
indivisible
76%
No matching quizzes found
Score Distribution
Percent of People with Each Score
Percentile by Number Answered
Your Score History
You have not taken this quiz